Statistics for Biggest Cities in the World

Click here to take the quiz!

General Stats

  • This quiz has been taken 6 times
  • The average score is 2 of 20

Answer Stats

Area (sq. km)CountryCity% Correct
82,403ChinaChongqing
83%
53,068ChinaHarbin
67%
29,274ChinaLhasa
50%
24,734ChinaChangchun
17%
159,534BrazilAltamira
0%
27,767ChinaBaotou
0%
122,475BrazilBarcelos
0%
110,154ChinaChamdo
0%
27,808ChinaGuilin
0%
263,953ChinaHulunbuir
0%
191,342ChinaJiuquan
0%
100,000AustraliaKalgoorlie-Boulder
0%
32,189AustraliaLeonara
0%
43,348AustraliaMount Isa
0%
450,537ChinaNagqu
0%
160,733AustraliaNgaanyatjarraku
0%
304,683ChinaNgari
0%
116,175ChinaNyingchi
0%
79,700ChinaShannan
0%
182,000ChinaShigatse
0%

Score Distribution

Percentile by Number Answered

Percent of People with Each Score

Your Score History

You have not taken this quiz